Актуальные факторы убыточности автострахования КАСКО в России; Импульс-2014

Xehetasun bibliografikoak
Parent link:Импульс-2014.— 2014.— [С. 104-106]
Egile nagusia: Ермашенок Е. В.
Erakunde egilea: Национальный исследовательский Томский политехнический университет (ТПУ) Институт социально-гуманитарных технологий (ИСГТ) Кафедра инженерного предпринимательства (ИП)
Beste egile batzuk: Калашникова Т. В. Татьяна Владимировна (научный руководитель)
Gaia:Заглавие с титульного экрана
Hizkuntza:errusiera
Argitaratua: 2014
Saila:Актуальные вопросы финансового менеджмента
Gaiak:
Sarrera elektronikoa:http://www.lib.tpu.ru/fulltext/c/2014/C25/038.pdf
Formatua: MixedMaterials Baliabide elektronikoa Liburu kapitulua
KOHA link:https://koha.lib.tpu.ru/cgi-bin/koha/opac-detail.pl?biblionumber=610446

MARC

LEADER 00000naa2a2200000 4500
001 610446
005 20260403095450.0
035 |a (RuTPU)RU\TPU\conf\8052 
035 |a RU\TPU\conf\8050 
090 |a 610446 
100 |a 20150123d2014 k y0rusy50 ca 
101 0 |a rus 
102 |a RU 
135 |a drcn ---uucaa 
181 0 |a i  
182 0 |a b 
200 1 |a Актуальные факторы убыточности автострахования КАСКО в России  |f Е. В. Ермашенок  |g науч. рук. Т. В. Калашникова 
203 |a Текст  |c электронный 
225 1 |a Актуальные вопросы финансового менеджмента 
300 |a Заглавие с титульного экрана 
320 |a [Библиогр.: с. 106 (4 назв.)] 
337 |a Adobe Reader 
463 0 |0 (RuTPU)RU\TPU\conf\7915  |t Импульс-2014  |o труды XI Международной научно-практической конференции студентов, молодых ученых и предпринимателей в сфере экономики, менеджмента и инноваций, 26-28 ноября 2014 г., г. Томск  |f Национальный исследовательский Томский политехнический университет (ТПУ) ; под ред. Т. В. Калашниковой [и др.]  |v [С. 104-106]  |d 2014 
610 1 |a труды учёных ТПУ 
610 1 |a электронный ресурс 
610 1 |a факторы 
610 1 |a убыточность 
610 1 |a автострахование 
610 1 |a Каско 
610 1 |a Россия 
700 1 |a Ермашенок  |b Е. В. 
702 1 |a Калашникова  |b Т. В.  |c специалист в области менеджмента  |c доцент Томского политехнического университета, кандидат технических наук  |f 1970-  |g Татьяна Владимировна  |4 727 
712 0 2 |a Национальный исследовательский Томский политехнический университет (ТПУ)  |b Институт социально-гуманитарных технологий (ИСГТ)  |b Кафедра инженерного предпринимательства (ИП)  |3 (RuTPU)RU\TPU\col\18857 
801 2 |a RU  |b 63413507  |c 20150123  |g RCR 
856 4 |u http://www.lib.tpu.ru/fulltext/c/2014/C25/038.pdf 
942 |c BK